000 00690cam a22002531 4500
001 sa 67007756
003 DLC
005 20260227112418.0
008 950301s1965 bg bj b 000 0 beno
010 _asa 67007756
025 _aPL480:EP-B-1283
035 _a(OCoLC)32071335
040 _aDLC
_cCU
_dCU
_dDLC
042 _apremarc
050 0 0 _aDS427
_b.C58 1965
100 1 _aChoudhury, Nurul Islam.
245 1 0 _aPāka-Bhārate Musalima śāsanera itihāsa.
260 _c[1965]
300 _a10, 199, 229, 79 p.
_bgeneal. tables, maps.
_c19 cm.
500 _aIn Bengali.
504 _aBibliographical footnotes.
650 0 _aMuslims
_zIndia.
650 0 _aMuslims
_zPakistan.
999 _c76770
_d76770